<?xml version="1.0" encoding="UTF-8"?><?xml-stylesheet type="text/xsl" href="static/style.xsl"?><OAI-PMH xmlns="http://www.openarchives.org/OAI/2.0/" xmlns:xsi="http://www.w3.org/2001/XMLSchema-instance" xsi:schemaLocation="http://www.openarchives.org/OAI/2.0/ http://www.openarchives.org/OAI/2.0/OAI-PMH.xsd"><responseDate>2026-04-28T21:16:48Z</responseDate><request verb="GetRecord" identifier="oai:uvadoc.uva.es:10324/49059" metadataPrefix="marc">https://uvadoc.uva.es/oai/request</request><GetRecord><record><header><identifier>oai:uvadoc.uva.es:10324/49059</identifier><datestamp>2021-10-14T20:50:19Z</datestamp><setSpec>com_10324_38</setSpec><setSpec>col_10324_852</setSpec></header><metadata><record xmlns="http://www.loc.gov/MARC21/slim" xmlns:doc="http://www.lyncode.com/xoai" xmlns:xsi="http://www.w3.org/2001/XMLSchema-instance" xmlns:dcterms="http://purl.org/dc/terms/" xsi:schemaLocation="http://www.loc.gov/MARC21/slim http://www.loc.gov/standards/marcxml/schema/MARC21slim.xsd">
<leader>00925njm 22002777a 4500</leader>
<datafield tag="042" ind1=" " ind2=" ">
<subfield code="a">dc</subfield>
</datafield>
<datafield tag="720" ind1=" " ind2=" ">
<subfield code="a">Martínez Franco, Elvira</subfield>
<subfield code="e">author</subfield>
</datafield>
<datafield tag="260" ind1=" " ind2=" ">
<subfield code="c">2021</subfield>
</datafield>
<datafield tag="520" ind1=" " ind2=" ">
<subfield code="a">¿Cuál es el efecto que produce el humor en nuestro estado de ánimo? ¿Nos llama más la&#xd;
atención la publicidad que usa el humor? Son muchas las variables que hacen que una&#xd;
situación, frase o chiste nos haga reír, sin embargo, todos queremos consumir humor en&#xd;
mayor o menor medida. Todos queremos obtener placer riendo. ¿Y esa sensación se&#xd;
puede obtener consumiendo publicidad? La efectividad de las campañas publicitarias se&#xd;
ve incrementada con el uso del humor, empatizando con un público cada vez más&#xd;
exigente. Esto hace que el consumo de publicidad pase a ser consumo de placer</subfield>
</datafield>
<datafield tag="024" ind2=" " ind1="8">
<subfield code="a">https://uvadoc.uva.es/handle/10324/49059</subfield>
</datafield>
<datafield tag="245" ind1="0" ind2="0">
<subfield code="a">El humor y "nuestra manera de disfrutar de la vida"</subfield>
</datafield>
</record></metadata></record></GetRecord></OAI-PMH>